000 00465nam a22001697a 4500
003 OSt
005 20221031204331.0
008 221006b |||||||| |||| 00| 0 eng d
040 _cBiblioteca Lado V
082 _bH911o
_a702.81
100 _9275
_aHujatnikajennong, Agung
_eeditor
245 _aOk./
260 _c2003
_bRuangrupa-ok
300 _a146p.
_c20x20cm
700 _aHlavajova, Maria
_eeditor
942 _2ddc
_c1
_h702.81
_iH911o
_n0
999 _c2454
_d2454